000 00852nam a22002297a 4500
005 20260406094431.0
008 260406b |||||||| |||| 00| 0 eng d
020 _a9781032292557
040 _cPK-LaUMT
082 _a616.0019
_bRAG-H
100 1 _aRagin, Deborah Fish
_910389
245 1 0 _aHealth psychology :
_ban interdisciplinary approach /
_cDeborah Fish Ragin
250 _a4th ed.
260 _aNew York :
_bRoutledge,
_c2025
300 _axiii, 650 p.
500 _aIndex present
520 _a"Now in its fourth edition, Health Psychology takes a truly interdisciplinary approach to studying health psychology, and offers a comprehensive overview of the subareas within this fascinating subject"-- Provided by publisher
546 _aEng
650 _aHealth behavior
_910390
650 _aBehavioral medicine
_910391
942 _cBK
999 _c140328
_d140328